000 00959cam a22001934a 4500
005 20250605164206.0
008 250528s ||||||||||||||||||||||||d
035 _a19926
020 _a1026
040 _aGR-AtMCL
_bgre
_dGR-AtMCL
_eAACR2
245 1 _aΜαθήματα Στοχαστικών Διαδικασιών / Ομογενείς Αλυσίδες Markov Διακριτής Παραμέτρου - Τεύχος 1
260 _bΣταμούλης Α,
_c1991
300 _a176
520 _aΑπόλυτες και Δεσμευμένες Κατανομές Αλυσίδας Markov Διακριτής Παραμέτρου, Κατάταξη των Καταστάσεων Αλυσίδας Markov Διακριτής Παραμέτρου, Στάσιμες Κατανομές Αλυσίδας Markov Διακριτής Παραμέτρου.
700 1 _aΑρτίκης Θεόδωρος Π
_96081
942 _cBK
999 _c5166
_d5166